Participation of women in decision-making for peace : (Record no. 110322)

MARC details
000 -LEADER
campo de control de longitud fija 00966nam a2200325L 4500
001 - NÚMERO DE CONTROL
campo de control 41433
005 - FECHA Y HORA DE LA ÚLTIMA TRANSACCIÓN
campo de control 20230411085956.0
008 - DATOS DE LONGITUD FIJA--INFORMACIÓN GENERAL
campo de control de longitud fija 900131s1989 xxu r i000 0 eng d
035 ## - NÚMERO DE CONTROL DEL SISTEMA
Número de control de sistema (OCoLC)ocn153298525
040 ## - FUENTE DE CATALOGACIÓN
Centro catalogador/agencia de origen NNUN
Centro/agencia transcriptor NYDRD
020 ## - NÚMERO INTERNACIONAL ESTÁNDAR DEL LIBRO
Número Internacional Estándar del Libro 9211301351
020 ## - NÚMERO INTERNACIONAL ESTÁNDAR DEL LIBRO
Número Internacional Estándar del Libro 9789211301359
035 ## - NÚMERO DE CONTROL DEL SISTEMA
Número de control de sistema (OCoLC)153298525
086 ## - NÚMERO DE CLASIFICACIÓN PARA DOCUMENTOS GUBERNAMENTALES
Número de clasificación ST/CSDHA/8
Fuente del número undoc
049 ## - FONDOS LOCALES (OCLC)
Biblioteca depositaria GRAL
245 00 - MENCIÓN DEL TÍTULO
Título Participation of women in decision-making for peace :
Resto del título case-study on Sweden.
260 ## - PUBLICACIÓN, DISTRIBUCIÓN, ETC.
Lugar de publicación, distribución, etc. New York :
Nombre del editor, distribuidor, etc. UN,
Fecha de publicación, distribución, etc. 1989.
300 ## - DESCRIPCIÓN FÍSICA
Extensión ii, 102 p. :
Otras características físicas tables.
500 ## - NOTA GENERAL
Nota general Material type: Reports/studies.
506 ## - NOTA DE RESTRICCIONES AL ACCESO
Limitaciones de acceso Distribution: General.
610 27 - PUNTO DE ACCESO ADICIONAL DE MATERIA--NOMBRE DE ENTIDAD CORPORATIVA
Nombre de entidad corporativa o nombre de jurisdicción como elemento de entrada Sweden. Riksdagen.
Fuente del encabezamiento o término unbisn
650 07 - PUNTO DE ACCESO ADICIONAL DE MATERIA--TÉRMINO DE MATERIA
Término de materia o nombre geográfico como elemento de entrada WOMEN IN POLITICS.
Fuente del encabezamiento o término unbist
650 07 - PUNTO DE ACCESO ADICIONAL DE MATERIA--TÉRMINO DE MATERIA
Término de materia o nombre geográfico como elemento de entrada SWEDEN.
Fuente del encabezamiento o término unbist
650 07 - PUNTO DE ACCESO ADICIONAL DE MATERIA--TÉRMINO DE MATERIA
Término de materia o nombre geográfico como elemento de entrada DECISION-MAKING.
Fuente del encabezamiento o término unbist
650 07 - PUNTO DE ACCESO ADICIONAL DE MATERIA--TÉRMINO DE MATERIA
Término de materia o nombre geográfico como elemento de entrada WOMEN'S STATUS.
Fuente del encabezamiento o término unbist
650 07 - PUNTO DE ACCESO ADICIONAL DE MATERIA--TÉRMINO DE MATERIA
Término de materia o nombre geográfico como elemento de entrada WOMEN'S ADVANCEMENT.
Fuente del encabezamiento o término unbist
650 07 - PUNTO DE ACCESO ADICIONAL DE MATERIA--TÉRMINO DE MATERIA
Término de materia o nombre geográfico como elemento de entrada POLITICAL PARTICIPATION.
Fuente del encabezamiento o término unbist
942 ## - ELEMENTOS DE ENTRADA SECUNDARIOS (KOHA)
Fuente del sistema de clasificación o colocación Clasificación de Library of Congress
Tipo de ítem Koha
994 ## -
-- C0
-- DRFGD
Holdings
Estatus retirado Estado de pérdida Fuente del sistema de clasificación o colocación Estado de daño No para préstamo Colección Biblioteca de origen Biblioteca actual Ubicación en estantería Fecha de adquisición Código de barras Visto por última vez Copia número Tipo de ítem Koha
    Clasificación de Library of Congress     Automatización y Procesos Técnicos Biblioteca Juan Bosch Biblioteca Juan Bosch Automatización y Procesos Técnicos (1er. Piso) 11/04/2023 00000042041 17/02/2019 1